[Event "CZE-chT1E 2223"]
[Site "Czech Republic"]
[Date "2023.02.26"]
[Round "9.2"]
[White "Tikovsky, Alexander"]
[Black "Malik, Jan"]
[Result "1/2-1/2"]
[WhiteElo "2141"]
[BlackElo "2269"]
[PlyCount "59"]
[EventDate "2022.10.08"]
[EventType "team-tourn"]
[EventRounds "11"]
[EventCountry "CZE"]
[SourceTitle "CBM 213 Extra"]
[Source "ChessBase"]
[SourceDate "2023.05.31"]
[SourceVersion "1"]
[SourceVersionDate "2023.05.31"]
[SourceQuality "1"]
[WhiteTeam "Brno Duras"]
[BlackTeam "Poruba Slavoj"]
[WhiteTeamCountry "CZE"]
[BlackTeamCountry "CZE"]

1. d4 d5 2. Bf4 Nf6 3. e3 c5 4. c3 Nc6 5. Nd2 e6 6. Ngf3 Bd6 7. Bg3 Qe7 8. Ne5 Nd7 9. Bb5 Bxe5 10. dxe5 a6 11. Bxc6 bxc6 12. Qa4 Bb7 13. 0-0 0-0 14. Nf3 a5 15. Rfe1 c4 16. Red1 f6 17. exf6 Qxf6 18. Qc2 e5 19. e4 Rac8 20. b3 Nc5 21. Nd2 g6 22. bxc4 d4 23. cxd4 exd4 24. Qb2 Rcd8 25. Qb6 Qg5 26. e5 Qe7 27. Nf3 Rxf3 28. gxf3 Ne6 29. Rab1 Rd7 30. Qxa5 1/2-1/2

[Event "CZE-chT2F 2223"]
[Site "Czech Republic"]
[Date "2022.11.20"]
[Round "3"]
[White "Sikorova, Olga"]
[Black "Malik, Jan"]
[Result "1/2-1/2"]
[WhiteElo "2147"]
[BlackElo "2261"]
[PlyCount "66"]
[EventDate "2022.10.16"]
[EventType "team-tourn"]
[EventRounds "11"]
[EventCountry "CZE"]
[SourceTitle "EXT 2024"]
[Source "ChessBase"]
[SourceDate "2023.10.10"]
[SourceVersion "1"]
[SourceVersionDate "2023.10.10"]
[SourceQuality "1"]
[WhiteTeam "Trinec II"]
[BlackTeam "Poruba Slavoj III"]
[WhiteTeamCountry "CZE"]
[BlackTeamCountry "CZE"]

1. c4 c5 2. g3 Nc6 3. Bg2 g6 4. Nc3 Bg7 5. a3 Nf6 6. Rb1 a5 7. h4 h6 8. d3 d6 9. Bd2 e6 10. Qc1 Ng4 11. Nh3 Nd4 12. b4 axb4 13. axb4 cxb4 14. Nb5 Nxb5 15. cxb5 Qb6 16. 0-0 0-0 17. Rxb4 e5 18. Be3 Nxe3 19. Qxe3 Qxe3 20. fxe3 Ra2 21. Kf2 Bf5 22. Ng1 b6 23. Rc1 Be6 24. Bc6 Rc8 25. Rbb1 Rc7 26. e4 h5 27. Nf3 Bh6 28. Ng5 Bxg5 29. hxg5 Bg4 30. Re1 Rca7 31. Bd5 Rc2 32. Rbc1 Rb2 33. Rb1 Rc2 1/2-1/2

[Event "CZE-chT 2122"]
[Site "Czech Republic"]
[Date "2022.02.27"]
[Round "12.6"]
[White "Korpa, Bence"]
[Black "Malik, Jan"]
[Result "1-0"]
[WhiteElo "2517"]
[BlackElo "2288"]
[PlyCount "129"]
[EventDate "2021.10.15"]
[EventType "team-tourn"]
[EventRounds "15"]
[EventCountry "CZE"]
[SourceTitle "EXT 2023"]
[Source "ChessBase"]
[SourceDate "2022.10.05"]
[SourceVersion "1"]
[SourceVersionDate "2022.10.05"]
[SourceQuality "1"]
[WhiteTeam "Ingem Line"]
[BlackTeam "Ostrava Labortech"]
[WhiteTeamCountry "CZE"]
[BlackTeamCountry "CZE"]

1. Nf3 d5 2. g3 Nf6 3. Bg2 e6 4. 0-0 Be7 5. d3 c5 6. Nbd2 Nc6 7. e4 b6 8. Re1 Bb7 9. c3 Qc7 10. Nf1 h6 11. Qc2 c4 12. exd5 cxd3 13. Qxd3 Nxd5 14. c4 Ndb4 15. Qe2 Rd8 16. Bf4 Bd6 17. Bxd6 Rxd6 18. a3 Nd3 19. Red1 Nc5 20. Rxd6 Qxd6 21. Rd1 Qc7 22. b4 Nd7 23. Qd2 Nf6 24. Ne3 0-0 25. Qd6 Qc8 26. Nd4 Rd8 27. Nxc6 Rxd6 28. Ne7+ Kf8 29. Nxc8 Rxd1+ 30. Nxd1 Bxc8 31. f4 Ke7 32. Nb2 Kd6 33. Nd3 Nd7 34. Kf2 Ba6 35. Nb2 e5 36. Ke3 f5 37. fxe5+ Nxe5 38. Kd4 g5 39. h3 f4 40. gxf4 gxf4 41. Bd5 Ng6 42. Nd3 Bc8 43. Be4 Ne7 44. Nxf4 a5 45. bxa5 bxa5 46. c5+ Kc7 47. Ke5 Nc6+ 48. Kf6 Nd4 49. h4 Nb5 50. Nd5+ Kc6 51. Ne7+ Kxc5 52. Nxc8 Nxa3 53. Kg6 a4 54. Kxh6 Nb5 55. Bg6 a3 56. Bf7 Nc7 57. Ne7 Kd6 58. Nf5+ Ke5 59. Ne3 Kf6 60. Ba2 Nb5 61. Nd5+ Kf5 62. h5 Nd6 63. Bb1+ Ke5 64. Kg6 Nf5 65. Nb4 1-0

[Event "CZE-chT1E 2122"]
[Site "Czech Republic"]
[Date "2022.02.20"]
[Round "9.5"]
[White "Malik, Jan"]
[Black "Fargac, Martin"]
[Result "0-1"]
[WhiteElo "2288"]
[BlackElo "2283"]
[PlyCount "68"]
[EventDate "2021.10.09"]
[EventType "team-tourn"]
[EventRounds "11"]
[EventCountry "CZE"]
[SourceTitle "EXT 2023"]
[Source "ChessBase"]
[SourceDate "2022.10.05"]
[SourceVersion "1"]
[SourceVersionDate "2022.10.05"]
[SourceQuality "1"]
[WhiteTeam "Poruba Slavoj II"]
[BlackTeam "Trinec"]
[WhiteTeamCountry "CZE"]
[BlackTeamCountry "CZE"]

1. e4 e5 2. Nf3 Nc6 3. Bb5 f5 4. d3 fxe4 5. dxe4 Nf6 6. 0-0 Bc5 7. Qd3 d6 8. Qc4 Bd7 9. Nc3 Qe7 10. Nd5 Nxd5 11. exd5 Nd4 12. Bxd7+ Qxd7 13. Nxe5 Qf5 14. Nd3 0-0-0 15. Kh1 Rhe8 16. Be3 Re4 17. Nxc5 dxc5 18. Bxd4 Rxd5 19. Rae1 Rexd4 20. Re8+ Kd7 21. Qe2 Rd2 22. Re7+ Kc6 23. Re6+ Kd7 24. Re7+ Kd6 25. Qe3 Rxc2 26. Rxg7 Kc6 27. b4 Rxf2 28. Rg1 Rf1 29. h3 cxb4 30. Qxa7 Qb1 31. Qa4+ Kb6 32. Rxf1 Qxf1+ 33. Kh2 Qf4+ 34. Kh1 Qd6 0-1

[Event "CZE-chT1E 2122"]
[Site "Czech Republic"]
[Date "2022.01.23"]
[Round "7.6"]
[White "Malik, Jan"]
[Black "Jun, Rudolf Jr"]
[Result "1-0"]
[WhiteElo "2288"]
[BlackElo "2114"]
[PlyCount "63"]
[EventDate "2021.10.09"]
[EventType "team-tourn"]
[EventRounds "11"]
[EventCountry "CZE"]
[SourceTitle "EXT 2023"]
[Source "ChessBase"]
[SourceDate "2022.10.05"]
[SourceVersion "1"]
[SourceVersionDate "2022.10.05"]
[SourceQuality "1"]
[WhiteTeam "Poruba Slavoj II"]
[BlackTeam "Chotebor"]
[WhiteTeamCountry "CZE"]
[BlackTeamCountry "CZE"]

1. e4 c5 2. Nf3 Nc6 3. c3 Nf6 4. e5 Nd5 5. d4 cxd4 6. cxd4 d6 7. Bc4 e6 8. 0-0 dxe5 9. dxe5 Be7 10. Qe2 Nb6 11. Bd3 Bd7 12. a3 Rc8 13. Nc3 Nd5 14. Ne4 Qc7 15. Ng3 h5 16. h4 Qb6 17. Bg5 Bxg5 18. Nxg5 Nf4 19. Qf3 Qd4 20. Bb5 Qxe5 21. Rfe1 Qxb5 22. Qxf4 0-0 23. Qe4 f5 24. Qf3 g6 25. Rad1 Rcd8 26. Nxh5 Ne5 27. Qc3 gxh5 28. Rxe5 Qa4 29. Rd4 Qc6 30. Rc5 Qb6 31. Rc7 Qb5 32. Nxe6 1-0

[Event "CZE-chT 2122"]
[Site "Czech Republic"]
[Date "2021.10.17"]
[Round "2.4"]
[White "Jansa, Vlastimil"]
[Black "Malik, Jan"]
[Result "1/2-1/2"]
[WhiteElo "2420"]
[BlackElo "2288"]
[PlyCount "102"]
[EventDate "2021.10.15"]
[EventType "team-tourn"]
[EventRounds "15"]
[EventCountry "CZE"]
[SourceTitle "CBM 204 Extra"]
[Source "ChessBase"]
[SourceDate "2021.11.30"]
[SourceVersion "1"]
[SourceVersionDate "2021.11.30"]
[SourceQuality "1"]
[WhiteTeam "Lysa nad Labem"]
[BlackTeam "Ostrava Labortech"]
[WhiteTeamCountry "CSR"]
[BlackTeamCountry "CZE"]

1. e4 c5 2. Nf3 d6 3. d4 cxd4 4. Nxd4 Nf6 5. Nc3 a6 6. Bd3 g6 7. 0-0 Bg7 8. Re1 0-0 9. Bf1 Nc6 10. Nb3 Bg4 11. f3 Bd7 12. Be3 Rc8 13. Nd5 Nxd5 14. exd5 Ne5 15. Bd4 b5 16. c3 Re8 17. Nd2 Qc7 18. h3 Bh6 19. Ne4 f5 20. Nc5 Nxf3+ 21. Qxf3 dxc5 22. Be5 Qb6 23. h4 Bg7 24. h5 c4+ 25. Kh1 Bxe5 26. Rxe5 Qf6 27. Rae1 g5 28. g3 Kh8 29. Bg2 e6 30. dxe6 Rxe6 31. Rxe6 Bxe6 32. Qb7 Rf8 33. Qxa6 Bd7 34. Qxf6+ Rxf6 35. Rd1 Be6 36. Rd6 Kg7 37. Rb6 Bd5 38. Rxb5 Bxg2+ 39. Kxg2 Kh6 40. Rc5 Rb6 41. Rxf5 Rxb2+ 42. Kf3 Rc2 43. Rf6+ Kg7 44. Rc6 Rxc3+ 45. Kg4 Ra3 46. h6+ Kf7 47. Kh5 Rxg3 48. Rxc4 Ra3 49. Rc2 Ra5 50. Rf2+ Ke7 51. Rb2 Kf6 1/2-1/2

[Event "CZE-ch Betsys Online Blitz"]
[Site "Chess.com INT"]
[Date "2021.04.17"]
[Round "7"]
[White "Hase, Pavel"]
[Black "Malik, Jan"]
[Result "0-1"]
[WhiteElo "2076"]
[BlackElo "2288"]
[PlyCount "64"]
[EventDate "2021.04.17"]
[EventType "swiss (blitz)"]
[EventRounds "13"]
[EventCountry "CZE"]
[SourceTitle "CBM 201 Extra"]
[Source "ChessBase"]
[SourceDate "2021.05.31"]
[SourceVersion "1"]
[SourceVersionDate "2021.05.31"]
[SourceQuality "1"]

1. e4 c5 2. Nf3 d6 3. d4 cxd4 4. Nxd4 Nf6 5. Nc3 a6 6. Bg5 Nbd7 7. Qd2 e6 8. 0-0-0 Be7 9. f4 0-0 10. Be2 Qc7 11. g4 b5 12. Bxf6 Nxf6 13. g5 b4 14. gxf6 bxc3 15. Qxc3 Qxc3 16. bxc3 Bxf6 17. Rhg1 Bb7 18. Bd3 Rac8 19. Kd2 Rc5 20. Rb1 Ba8 21. Rb6 Rxc3 22. Rxd6 Ra3 23. e5 Be7 24. Rd7 Bc5 25. Ke3 Bc6 26. Rc7 Rd8 27. Rxc6 Bxd4+ 28. Ke4 Bxg1 29. Rxa6 Rd4+ 30. Kf3 Rdxd3+ 31. Ke4 Rxa6 32. cxd3 Rxa2 0-1

[Event "CZE-ch Betsys Online Blitz"]
[Site "Chess.com INT"]
[Date "2021.04.17"]
[Round "10"]
[White "Malik, Jan"]
[Black "Karasek, Lukas"]
[Result "0-1"]
[WhiteElo "2288"]
[BlackElo "2280"]
[PlyCount "134"]
[EventDate "2021.04.17"]
[EventType "swiss (blitz)"]
[EventRounds "13"]
[EventCountry "CZE"]
[SourceTitle "CBM 201 Extra"]
[Source "ChessBase"]
[SourceDate "2021.05.31"]
[SourceVersion "1"]
[SourceVersionDate "2021.05.31"]
[SourceQuality "1"]

1. e4 c5 2. Nf3 d6 3. d4 cxd4 4. Nxd4 Nf6 5. Nc3 a6 6. Bc4 e6 7. Bb3 Be7 8. g4 0-0 9. g5 Nfd7 10. Rg1 Nc5 11. Be3 b5 12. Qh5 g6 13. Qh6 Re8 14. 0-0-0 Bf8 15. Qh4 Nxb3+ 16. axb3 b4 17. Nce2 Nd7 18. f4 Bg7 19. f5 exf5 20. Bf4 Ne5 21. exf5 Qc7 22. f6 Bf8 23. Bd2 a5 24. Nf4 Bb7 25. Rg3 a4 26. Rh3 h5 27. Nxh5 axb3 28. Nxb3 Rec8 29. Bc3 bxc3 30. bxc3 Nf3 31. Qb4 Qxc3 32. Qxc3 Rxc3 33. Nf4 Rac8 34. Na1 Nxg5 35. Rxc3 Rxc3 36. Kb2 Rc8 37. Nb3 Ne4 38. h4 Nxf6 39. h5 Nxh5 40. Nxh5 gxh5 41. Rg1+ Bg7+ 42. Ka3 h4 43. Rg4 h3 44. Rh4 Bg2 45. Nd2 Rxc2 46. Nf3 Rc3+ 47. Kb4 Rxf3 48. Rg4 Rf6 49. Kc4 Rg6 50. Rh4 Bf6 51. Rh5 Kg7 52. Kd3 Rg3+ 53. Ke2 Kg6 54. Rxh3 Bxh3 55. Kf2 Ra3 56. Kg1 d5 57. Kh2 d4 58. Kg1 Bf5 59. Kh2 Ra2+ 60. Kg3 d3 61. Kf4 d2 62. Kg3 Ra3+ 63. Kf2 Rd3 64. Kg2 d1Q 65. Kh2 Rh3+ 66. Kg2 Qf3+ 67. Kg1 Rh1# 0-1

[Event "CZE-ch Betsys Online Blitz"]
[Site "Chess.com INT"]
[Date "2021.04.17"]
[Round "12"]
[White "Malik, Jan"]
[Black "Krizek, Krystof"]
[Result "1-0"]
[WhiteElo "2288"]
[BlackElo "2007"]
[PlyCount "41"]
[EventDate "2021.04.17"]
[EventType "swiss (blitz)"]
[EventRounds "13"]
[EventCountry "CZE"]
[SourceTitle "CBM 201 Extra"]
[Source "ChessBase"]
[SourceDate "2021.05.31"]
[SourceVersion "1"]
[SourceVersionDate "2021.05.31"]
[SourceQuality "1"]

1. e4 g6 2. d4 d5 3. exd5 Nf6 4. c4 Bg7 5. Nc3 a6 6. Nf3 Bg4 7. Be2 b5 8. b3 c5 9. Be3 Qa5 10. Bd2 b4 11. Na4 Ne4 12. 0-0 Nxd2 13. Qxd2 Bxf3 14. Bxf3 Bxd4 15. Rae1 0-0 16. Rxe7 Bf6 17. d6 Nc6 18. Bxc6 Rac8 19. Bd5 Rcd8 20. Rxf7 Rxf7 21. Qf4 1-0

[Event "CZE-ch Betsys Online Blitz"]
[Site "Chess.com INT"]
[Date "2021.04.17"]
[Round "3"]
[White "Malik, Jan"]
[Black "Novosadova, Kristyna"]
[Result "1-0"]
[WhiteElo "2288"]
[BlackElo "2138"]
[PlyCount "55"]
[EventDate "2021.04.17"]
[EventType "swiss (blitz)"]
[EventRounds "13"]
[EventCountry "CZE"]
[SourceTitle "CBM 201 Extra"]
[Source "ChessBase"]
[SourceDate "2021.05.31"]
[SourceVersion "1"]
[SourceVersionDate "2021.05.31"]
[SourceQuality "1"]

1. e4 e5 2. Nf3 Nc6 3. Bc4 Nf6 4. d3 Be7 5. 0-0 0-0 6. Re1 d6 7. c3 Na5 8. Bb5 a6 9. Ba4 b5 10. Bc2 c5 11. Nbd2 Qc7 12. Nf1 Nc6 13. Ng3 h6 14. Nh4 Re8 15. Nhf5 Bf8 16. Qf3 Nh7 17. Nh5 Ng5 18. Qg3 Bxf5 19. exf5 Kh8 20. Bxg5 hxg5 21. Qxg5 d5 22. Re3 Qd8 23. f6 g6 24. Rh3 Kg8 25. d4 e4 26. Nf4 Bg7 27. Nxd5 Bh8 28. Rxh8+ 1-0

[Event "CZE-ch Betsys Online Blitz"]
[Site "Chess.com INT"]
[Date "2021.04.17"]
[Round "6"]
[White "Malik, Jan"]
[Black "Zavurka, Roman"]
[Result "1-0"]
[WhiteElo "2288"]
[BlackElo "2169"]
[PlyCount "95"]
[EventDate "2021.04.17"]
[EventType "swiss (blitz)"]
[EventRounds "13"]
[EventCountry "CZE"]
[SourceTitle "CBM 201 Extra"]
[Source "ChessBase"]
[SourceDate "2021.05.31"]
[SourceVersion "1"]
[SourceVersionDate "2021.05.31"]
[SourceQuality "1"]

1. e4 b6 2. d4 Bb7 3. Nc3 e6 4. Bd3 Nf6 5. a3 d5 6. e5 Nfd7 7. Nce2 c5 8. c3 Ba6 9. Bxa6 Nxa6 10. f4 Be7 11. Nf3 0-0 12. 0-0 g6 13. Qe1 Nab8 14. Qg3 Nc6 15. h4 h5 16. f5 exf5 17. e6 Nf6 18. exf7+ Kg7 19. Ng5 Qd7 20. Nf4 Ng4 21. Nfe6+ Kh8 22. Nxf8 Rxf8 23. Bf4 Bxg5 24. hxg5 Qxf7 25. Rae1 cxd4 26. cxd4 Nxd4 27. Be5+ Nxe5 28. Qxe5+ Qg7 29. Qxg7+ Kxg7 30. Re7+ Rf7 31. Rxf7+ Kxf7 32. Rd1 Ne6 33. Rxd5 Ke7 34. a4 Nxg5 35. a5 Ne4 36. axb6 axb6 37. Rb5 f4 38. Rxb6 g5 39. b4 g4 40. b5 f3 41. gxf3 gxf3 42. Rh6 f2+ 43. Kf1 Kf7 44. b6 Kg7 45. Re6 Nc5 46. Re5 Nb7 47. Re7+ Kf6 48. Rxb7 1-0

[Event "CZE-chT1E 1920"]
[Site "Czech Republic"]
[Date "2020.06.13"]
[Round "10.4"]
[White "Svanda, Ondrej"]
[Black "Malik, Jan"]
[Result "1/2-1/2"]
[WhiteElo "2268"]
[BlackElo "2291"]
[PlyCount "130"]
[EventDate "2019.10.20"]
[EventType "team-tourn"]
[EventRounds "11"]
[EventCountry "CZE"]
[SourceTitle "EXT 2021"]
[Source "ChessBase"]
[SourceDate "2020.10.23"]
[SourceVersion "1"]
[SourceVersionDate "2020.10.23"]
[SourceQuality "1"]
[WhiteTeam "Brno Moravska Slavia II"]
[BlackTeam "Poruba Slavoj II"]
[WhiteTeamCountry "CZE"]
[BlackTeamCountry "CZE"]

1. e4 c5 2. Nf3 d6 3. d4 cxd4 4. Nxd4 Nf6 5. Nc3 a6 6. Be2 e5 7. Nb3 Be7 8. 0-0 Be6 9. Re1 Nbd7 10. Bf3 Rc8 11. a4 0-0 12. a5 Qc7 13. Be3 Rfd8 14. h3 Ra8 15. Re2 b5 16. axb6 Nxb6 17. Na5 Rab8 18. Nd5 Nbxd5 19. exd5 Bd7 20. c4 e4 21. Bd4 Bf5 22. Bxf6 Bxf6 23. Bxe4 Bxe4 24. Rxe4 Rxb2 25. Nc6 Qb6 26. Qf3 Rf8 27. Rae1 a5 28. Re8 Rb1 29. Qe4 Rxe1+ 30. Qxe1 g6 31. Rxf8+ Kxf8 32. Qxa5 Qb1+ 33. Kh2 Qc1 34. Qa2 Bb2 35. Qb3 Kg7 36. g3 h5 37. h4 Ba3 38. Qf3 Bb2 39. Qd3 Bf6 40. Kg2 Qb2 41. Qe3 Qa2 42. Qf4 Qa3 43. Nd4 Qd3 44. Nf3 Qa3 45. Ng5 Qb4 46. Qe4 Qc3 47. Nf3 Qb4 48. g4 hxg4 49. Qxg4 Kf8 50. Qf4 Kg7 51. Qg4 Kf8 52. Ng5 Kg7 53. Ne4 Be5 54. Ng3 Kf8 55. Qc8+ Kg7 56. Qg4 Kf8 57. Nf1 Qc3 58. Ne3 Bd4 59. Qf4 Be5 60. Qg4 Bd4 61. Qf4 Be5 62. Qh6+ Bg7 63. Qg5 Bf6 64. Qh6+ Bg7 65. Qf4 Be5 1/2-1/2

[Event "CZE-chT 1920"]
[Site "Czech Republic"]
[Date "2020.01.25"]
[Round "5.4"]
[White "Malik, Jan"]
[Black "Hausner, Ivan"]
[Result "1/2-1/2"]
[WhiteElo "2291"]
[BlackElo "2382"]
[PlyCount "129"]
[EventDate "2019.10.12"]
[EventType "team-tourn"]
[EventRounds "11"]
[EventCountry "CZE"]
[SourceTitle "CBM 194 Extra"]
[Source "ChessBase"]
[SourceDate "2020.03.31"]
[SourceVersion "1"]
[SourceVersionDate "2020.03.31"]
[SourceQuality "1"]
[WhiteTeam "Ostrava Labortech"]
[BlackTeam "Praha Dopravni Podnik"]
[WhiteTeamCountry "CZE"]
[BlackTeamCountry "CZE"]

1. e4 Nf6 2. e5 Ng8 3. d4 d6 4. Nf3 dxe5 5. Nxe5 Nd7 6. Qf3 Ngf6 7. Nc3 e6 8. Bg5 Be7 9. 0-0-0 Nxe5 10. dxe5 Nd7 11. Bf4 Bg5 12. Ne4 Bxf4+ 13. Qxf4 Qe7 14. h4 Nb6 15. Qg4 Bd7 16. Qxg7 0-0-0 17. Qf6 Nd5 18. Qxe7 Nxe7 19. Ng5 Rdf8 20. Bd3 Ng6 21. Bxg6 fxg6 22. Rd2 h6 23. Ne4 Rf5 24. Nc5 Bc6 25. Nxe6 Rxe5 26. Nf4 Rg8 27. Rhd1 g5 28. hxg5 hxg5 29. Nd3 Ra5 30. f3 Rxa2 31. Kb1 Ra5 32. Nb4 Rc5 33. Nd5 Bxd5 34. Rxd5 Rc6 35. Re1 b6 36. Ree5 Rcg6 37. Re7 Rc6 38. Ree5 Rcg6 39. Kc1 a5 40. Kd2 c6 41. Rd4 R8g7 42. Ke2 Kc7 43. Kf2 Rd6 44. Ke3 Rf6 45. Rg4 Kd6 46. Ree4 Rfg6 47. Re8 Rf6 48. Rd4+ Kc7 49. Re5 Rfg6 50. Rg4 Kd6 51. Ke4 Rg8 52. Kf5 R6g7 53. Re6+ Kc7 54. Rd4 Rf7+ 55. Ke5 Rd7 56. Rxd7+ Kxd7 57. g3 b5 58. Rd6+ Kc7 59. Rd2 a4 60. c3 Ra8 61. Kf5 a3 62. bxa3 Rxa3 63. Rc2 b4 64. cxb4 Rxf3+ 65. Kxg5 1/2-1/2

[Event "CZE-chT 1920"]
[Site "Czech Republic"]
[Date "2019.10.13"]
[Round "2.6"]
[White "Krejci, Jan1111"]
[Black "Malik, Jan"]
[Result "1-0"]
[WhiteElo "2574"]
[BlackElo "2291"]
[PlyCount "81"]
[EventDate "2019.10.12"]
[EventType "team-tourn"]
[EventRounds "11"]
[EventCountry "CZE"]
[SourceTitle "EXT 2020"]
[Source "ChessBase"]
[SourceDate "2019.10.17"]
[SourceVersion "1"]
[SourceVersionDate "2019.10.17"]
[SourceQuality "1"]
[WhiteTeam "Novoborsky"]
[BlackTeam "Ostrava Labortech"]
[WhiteTeamCountry "CZE"]
[BlackTeamCountry "CZE"]

1. c4 c6 2. Nf3 d5 3. e3 Nf6 4. Nc3 e6 5. d4 Nbd7 6. Qc2 Bd6 7. Bd3 dxc4 8. Bxc4 b5 9. Bd3 Bb7 10. 0-0 0-0 11. a3 Qe7 12. h3 h6 13. e4 e5 14. Be3 Rfe8 15. Rad1 a5 16. Ne2 c5 17. dxe5 Bxe5 18. Nxe5 Qxe5 19. Bf4 Qe6 20. Bxb5 Bxe4 21. Qc1 Bc6 22. Nc3 Bxb5 23. Nxb5 Nd5 24. Nd6 Nxf4 25. Qxf4 Red8 26. Rfe1 Qf6 27. Qxf6 Nxf6 28. Nc4 Rxd1 29. Rxd1 Kf8 30. Rd6 Ra7 31. Kf1 a4 32. Rc6 Nd7 33. Ke2 Ke7 34. Kd2 Nf6 35. Kc2 Nd7 36. Nd6 Ne5 37. Nf5+ Kd7 38. Rxc5 f6 39. f4 Nc6 40. Rc4 Rc7 41. Kc3 1-0

[Event "CZE-ch"]
[Site "Ostrava"]
[Date "2019.04.29"]
[Round "3"]
[White "Malik, Jan"]
[Black "Mrazek, Lumir"]
[Result "1/2-1/2"]
[WhiteElo "2286"]
[BlackElo "2364"]
[PlyCount "93"]
[EventDate "2019.04.27"]
[EventType "swiss"]
[EventRounds "9"]
[EventCountry "CZE"]
[SourceTitle "CBM 190 Extra"]
[Source "ChessBase"]
[SourceDate "2019.07.15"]
[SourceVersion "1"]
[SourceVersionDate "2019.07.15"]
[SourceQuality "1"]

1. e4 c5 2. Nf3 d6 3. d4 cxd4 4. Nxd4 Nf6 5. Nc3 a6 6. Bc4 e6 7. Bb3 b5 8. 0-0 Be7 9. Qf3 Qb6 10. Be3 Qb7 11. Qg3 0-0 12. Bh6 Ne8 13. Rad1 Bf6 14. Bg5 Be5 15. f4 Bxd4+ 16. Rxd4 Qa7 17. Qf2 Nc6 18. Rdd1 h6 19. Bh4 Na5 20. Qxa7 Rxa7 21. Bf2 Rd7 22. e5 Nxb3 23. axb3 f6 24. Ne4 fxe5 25. fxe5 dxe5 26. Rxd7 Bxd7 27. Nc5 Bc6 28. Nxe6 Rf6 29. Nc5 Rg6 30. Bg3 a5 31. Re1 h5 32. Nd3 e4 33. Ne5 Re6 34. Nxc6 Rxc6 35. Rxe4 Nf6 36. Re2 Nd5 37. c3 a4 38. bxa4 bxa4 39. Re5 Nf6 40. Ra5 Rb6 41. Rxa4 Rxb2 42. h3 Nd5 43. Be5 Ne3 44. g3 g5 45. Re4 Rg2+ 46. Kh1 Re2 47. Kg1 1/2-1/2

[Event "CZE-chT1E 1819"]
[Site "Czech Republic"]
[Date "2019.04.07"]
[Round "11.3"]
[White "Malik, Jan"]
[Black "Fiala, Vaclav"]
[Result "1-0"]
[WhiteElo "2300"]
[BlackElo "2312"]
[PlyCount "59"]
[EventDate "2018.10.21"]
[EventType "team-tourn"]
[EventRounds "11"]
[EventCountry "CZE"]
[SourceTitle "EXT 2020"]
[Source "ChessBase"]
[SourceDate "2019.10.17"]
[SourceVersion "1"]
[SourceVersionDate "2019.10.17"]
[SourceQuality "1"]
[WhiteTeam "Ostrava"]
[BlackTeam "Jundrov Jezdci"]
[WhiteTeamCountry "CZE"]
[BlackTeamCountry "CZE"]

1. e4 c5 2. Nf3 d6 3. d4 cxd4 4. Nxd4 Nf6 5. Nc3 a6 6. Bc4 e6 7. 0-0 Be7 8. Bb3 0-0 9. Qf3 Qc7 10. Qg3 b5 11. Bh6 Ne8 12. Rad1 Nc6 13. Nxc6 Qxc6 14. Nd5 Bd8 15. Rd3 Bb7 16. Rc3 Qd7 17. Rc7 Qxc7 18. Nxc7 Bxc7 19. Bg5 Bd8 20. Re1 Bxg5 21. Qxg5 Nf6 22. f3 Rfd8 23. c3 h6 24. Qe3 Rac8 25. Rd1 Rd7 26. h4 Rc5 27. Rxd6 Rxc3 28. bxc3 Rxd6 29. e5 Nd5 30. exd6 1-0

[Event "Prague op"]
[Site "Prague"]
[Date "2019.03.16"]
[Round "9"]
[White "Malik, Jan"]
[Black "Salimova, Nurgyul"]
[Result "0-1"]
[WhiteElo "2304"]
[BlackElo "2414"]
[PlyCount "43"]
[EventDate "2019.03.09"]
[EventType "swiss"]
[EventRounds "9"]
[EventCountry "CZE"]
[SourceTitle "CBM 189 Extra"]
[Source "ChessBase"]
[SourceDate "2019.06.03"]
[SourceVersion "1"]
[SourceVersionDate "2019.06.03"]
[SourceQuality "1"]

1. e4 e5 2. Nf3 Nc6 3. Bc4 Nf6 4. d3 Be7 5. 0-0 0-0 6. Re1 d6 7. c3 Na5 8. Bb5 a6 9. Ba4 b5 10. Bc2 c5 11. Nbd2 Nc6 12. Nf1 h6 13. Ne3 Be6 14. h3 Re8 15. Nh2 Rc8 16. Qf3 Nd4 17. cxd4 cxd4 18. Nf5 Bxf5 19. Bb3 Be6 20. Ng4 Kh7 21. Bd2 Nxg4 22. hxg4 0-1

[Event "Prague op"]
[Site "Prague"]
[Date "2019.03.10"]
[Round "2"]
[White "Bernadskiy, Vitaliy"]
[Black "Malik, Jan"]
[Result "1-0"]
[WhiteElo "2581"]
[BlackElo "2304"]
[PlyCount "113"]
[EventDate "2019.03.09"]
[EventType "swiss"]
[EventRounds "9"]
[EventCountry "CZE"]
[SourceTitle "CBM 189 Extra"]
[Source "ChessBase"]
[SourceDate "2019.06.03"]
[SourceVersion "1"]
[SourceVersionDate "2019.06.03"]
[SourceQuality "1"]

1. e4 c5 2. Nf3 d6 3. Bb5+ Bd7 4. Bxd7+ Qxd7 5. 0-0 Nf6 6. Qe2 Nc6 7. c3 e6 8. d4 cxd4 9. cxd4 d5 10. e5 Ne4 11. Be3 Be7 12. Ne1 f6 13. f3 Ng5 14. Nd3 0-0 15. Nd2 b6 16. a3 Rac8 17. Rae1 fxe5 18. dxe5 Nf7 19. f4 Nh6 20. g4 d4 21. Bf2 Na5 22. h3 Rc2 23. Qd1 Rfc8 24. Re4 Qb5 25. Nf3 Nb3 26. Nxd4 Nxd4 27. Rxd4 Nf7 28. a4 Qb3 29. Rd7 Bc5 30. Nxc5 R8xc5 31. f5 Rd5 32. Rxd5 exd5 33. Re1 Ng5 34. Re3 Qc4 35. Qd3 Rc1+ 36. Kg2 Qc6 37. Qd4 Rc4 38. Rc3 Qb7 39. Rxc4 dxc4+ 40. Kf1 Qh1+ 41. Ke2 Qf3+ 42. Kd2 h6 43. Be3 Ne4+ 44. Kc2 Qe2+ 45. Kb1 Qd3+ 46. Qxd3 cxd3 47. Kc1 Kf7 48. b4 Ke7 49. b5 Kd7 50. h4 Ke8 51. Bd4 Ke7 52. h5 Kf7 53. e6+ Kf8 54. Be5 Nf2 55. Kd2 Nxg4 56. Bb8 Ke7 57. Kxd3 1-0

[Event "CZE-chT1E 1819"]
[Site "Czech Republic"]
[Date "2019.01.06"]
[Round "5.3"]
[White "Malik, Jan"]
[Black "Stepan, Patrik"]
[Result "1-0"]
[WhiteElo "2300"]
[BlackElo "2245"]
[PlyCount "65"]
[EventDate "2018.10.21"]
[EventType "team-tourn"]
[EventRounds "11"]
[EventCountry "CZE"]
[SourceTitle "CBM 188 Extra"]
[Source "ChessBase"]
[SourceDate "2019.02.26"]
[SourceVersion "1"]
[SourceVersionDate "2019.02.26"]
[SourceQuality "1"]
[WhiteTeam "Ostrava"]
[BlackTeam "Frydek Mistek II"]
[WhiteTeamCountry "CZE"]
[BlackTeamCountry "CZE"]

1. e4 c5 2. Nf3 d6 3. d4 cxd4 4. Nxd4 Nf6 5. Nc3 e6 6. Bc4 Be7 7. Bb3 0-0 8. g4 Na6 9. g5 Ne8 10. Rg1 g6 11. Be3 Nc5 12. h4 Ng7 13. Qe2 a6 14. 0-0-0 Bd7 15. f4 Nh5 16. f5 Re8 17. Qf3 b5 18. Rgf1 Nxb3+ 19. axb3 Bf8 20. Nxe6 Bxe6 21. fxe6 fxe6 22. Qf7+ Kh8 23. Bd4+ Ng7 24. Bf6 Qb8 25. h5 Ra7 26. hxg6 Rxf7 27. gxf7 Rc8 28. g6 Qb6 29. Rh1 Qe3+ 30. Kb1 h6 31. Rd3 Qf4 32. Ne2 Qxf6 33. Rxh6# 1-0